| 000 | 00890nam a2200265 a 4500 | ||
|---|---|---|---|
| 001 | 58528 | ||
| 003 | BD-RjUL | ||
| 005 | 20211209080631.0 | ||
| 008 | 161218s1987 enk b 001 0 eng d | ||
| 020 | _a0340410442 | ||
| 035 | _a(BD-RjUL)58652 | ||
| 040 |
_aBD-RjUL _beng _cBD-RjUL |
||
| 041 | _aeng | ||
| 082 |
_a333.73 _bAHD 1987 _223 |
||
| 100 | 1 |
_aAhmad, Yusuf J. _9173871 |
|
| 245 | 1 | 0 |
_aDesertification : _bfinancial support for the biosphere / _cYusuf J. Ahmad, Mohammed Kassas. |
| 260 |
_aLondon : _bHodder and Stoughton, _c1987. |
||
| 300 |
_axviii, 187 p. ; _c24 cm. |
||
| 500 | _aSponsored by the United Nations Environment Programme"- (t.p.) | ||
| 500 | _aIncludes bibliographical references and index. | ||
| 650 | 0 |
_aDesertification _xControl. _9173872 |
|
| 700 | 1 |
_aKassas, Mohammed. _9173873 |
|
| 710 | 2 |
_aUnited Nations Environment Programme. _9173874 |
|
| 942 |
_2ddc _cBK |
||
| 999 |
_c58528 _d58528 |
||